[Event "Martigny op 22nd"]
[Site "Martigny"]
[Date "2013.08.03"]
[Round "2"]
[White "Schultz, Raphael"]
[Black "Zakhartsov, Viacheslav V"]
[Result "1/2-1/2"]
[WhiteElo "2132"]
[BlackElo "2560"]
[PlyCount "88"]
[EventDate "2013.08.02"]
[EventType "swiss"]
[EventRounds "7"]
[EventCountry "SUI"]
[SourceTitle "EXT 2017"]
[Source "ChessBase"]
[SourceDate "2016.10.25"]
[SourceVersion "1"]
[SourceVersionDate "2016.10.25"]
[SourceQuality "1"]

1. e4 c5 2. Nf3 e6 3. d3 Nc6 4. g3 g6 5. Bg2 Bg7 6. 0-0 Nge7 7. Re1 d6 8. Nbd2 0-0 9. c3 e5 10. Nc4 h6 11. a4 Be6 12. Nfd2 Kh7 13. a5 Qc7 14. Qa4 Rad8 15. Ne3 d5 16. exd5 Nxd5 17. Nxd5 Bxd5 18. Ne4 Ne7 19. Qb5 b6 20. axb6 axb6 21. Nd2 Bxg2 22. Kxg2 Rb8 23. Nc4 Nd5 24. Bd2 Rfd8 25. Kg1 f6 26. h4 h5 27. Red1 Qb7 28. Be3 Bh6 29. Bxh6 Kxh6 30. Nd2 Nc7 31. Qc4 Kg7 32. Ne4 Rd7 33. b4 cxb4 34. cxb4 Re8 35. b5 Ne6 36. Ra3 f5 37. Ng5 Nxg5 38. hxg5 Rc7 39. Qa2 Qf3 40. Ra1 Qg4 41. Ra7 Rxa7 42. Qxa7+ Kf8 43. Qxb6 Qxg5 44. Ra7 Re7 1/2-1/2

[Event "Basel Hilton op 13th"]
[Site "Basel"]
[Date "2011.01.04"]
[Round "6"]
[White "Schultz, Raphael"]
[Black "Flom, Gabriel"]
[Result "0-1"]
[WhiteElo "2107"]
[BlackElo "2437"]
[PlyCount "58"]
[EventDate "2011.01.01"]
[EventType "swiss"]
[EventRounds "7"]
[EventCountry "SUI"]
[SourceTitle "EXT 2012"]
[Source "ChessBase"]
[SourceDate "2011.11.24"]
[SourceVersion "1"]
[SourceVersionDate "2011.11.24"]
[SourceQuality "1"]

1. c4 Nf6 2. Nc3 e6 3. Nf3 d5 4. e3 Nbd7 5. b3 c6 6. Bb2 Bd6 7. d4 0-0 8. Be2 a6 9. 0-0 b5 10. Rc1 Rb8 11. cxd5 cxd5 12. Nb1 Bb7 13. Ne5 Qb6 14. g4 h6 15. Bd3 Rfd8 16. Qe2 Be7 17. f3 b4 18. Kh1 Rbc8 19. Nd2 Nxe5 20. dxe5 Nd7 21. Rce1 Rc3 22. Rg1 Nxe5 23. Bxc3 bxc3 24. Nf1 d4 25. e4 Nxd3 26. Qxd3 a5 27. g5 Ba6 28. Qc2 hxg5 29. Ng3 Qc5 0-1

[Event "Geneve op 27th"]
[Site "Geneve"]
[Date "2010.12.28"]
[Round "4"]
[White "Schultz, Raphael"]
[Black "Valsecchi, Alessio"]
[Result "0-1"]
[WhiteElo "2128"]
[BlackElo "2333"]
[PlyCount "48"]
[EventDate "2010.12.26"]
[EventType "swiss"]
[EventRounds "7"]
[EventCountry "SUI"]
[SourceTitle "CBM 140 Extra"]
[Source "ChessBase"]
[SourceDate "2011.03.01"]
[SourceVersion "1"]
[SourceVersionDate "2011.03.01"]
[SourceQuality "1"]

1. c4 Nf6 2. Nc3 g6 3. g3 Bg7 4. Bg2 0-0 5. d4 c5 6. d5 d6 7. Nf3 a6 8. 0-0 e6 9. a4 exd5 10. cxd5 Re8 11. Nd2 Nbd7 12. h3 Rb8 13. Nc4 Ne5 14. Na3 Nh5 15. e3 f5 16. Ne2 b5 17. Nf4 Nxf4 18. exf4 Nc4 19. Nxc4 bxc4 20. Qc2 Rb4 21. Rd1 Bd7 22. Ra2 Qa5 23. Qd2 Kf7 24. Re1 Rxa4 0-1

[Event "Biel MTO op 43rd"]
[Site "Biel"]
[Date "2010.07.19"]
[Round "1"]
[White "Schultz, Raphael"]
[Black "Roiz, Michael"]
[Result "1/2-1/2"]
[WhiteElo "2173"]
[BlackElo "2645"]
[PlyCount "42"]
[EventDate "2010.07.19"]
[EventType "swiss"]
[EventRounds "11"]
[EventCountry "SUI"]
[SourceTitle "CBM 137 Extra"]
[Source "ChessBase"]
[SourceDate "2010.09.01"]
[SourceVersion "1"]
[SourceVersionDate "2010.09.01"]
[SourceQuality "1"]

1. e4 c5 2. Nf3 e6 3. d3 Nc6 4. g3 g6 5. Bg2 Bg7 6. 0-0 Nge7 7. Re1 0-0 8. Nbd2 d6 9. c3 b6 10. h4 h6 11. d4 cxd4 12. cxd4 e5 13. d5 Nb4 14. Qb3 Na6 15. Qa3 f5 16. b4 Nc7 17. Bb2 Bb7 18. Rad1 Qd7 19. Nc4 fxe4 20. Nfxe5 dxe5 21. d6 Nb5 1/2-1/2

[Event "Basel Hilton op 12th"]
[Site "Basel"]
[Date "2010.01.05"]
[Round "7"]
[White "Haener, Philippe"]
[Black "Schultz, Raphael"]
[Result "1-0"]
[WhiteElo "2199"]
[BlackElo "2205"]
[PlyCount "113"]
[EventDate "2010.01.01"]
[EventType "swiss"]
[EventRounds "7"]
[EventCountry "SUI"]
[SourceTitle "CBM 134 Extra"]
[Source "ChessBase"]
[SourceDate "2010.03.03"]
[SourceVersion "1"]
[SourceVersionDate "2010.03.03"]
[SourceQuality "1"]

1. Nf3 c5 2. e4 Nc6 3. Nc3 g6 4. d4 cxd4 5. Nxd4 Bg7 6. Be3 Nf6 7. Bc4 0-0 8. Bb3 Qa5 9. 0-0 d6 10. h3 Bd7 11. f4 Rad8 12. Qf3 Nxd4 13. Bxd4 Bc6 14. Rad1 e6 15. Kh1 Qc7 16. Rfe1 b6 17. Bf2 Qb7 18. Qd3 d5 19. e5 Nd7 20. Bd4 Rde8 21. Qe3 f6 22. Ne2 Bb5 23. Ng1 Bh6 24. exf6 Qc7 25. f7+ Kxf7 26. g3 Kg8 27. Nf3 Nc5 28. c3 g5 29. fxg5 Qxg3 30. gxh6 Qxf3+ 31. Qxf3 Rxf3 32. Rg1+ Kf8 33. Kh2 Bd3 34. Rg3 Rxg3 35. Kxg3 Bf5 36. Rf1 Ke7 37. Bxd5 Rg8+ 38. Kh2 Nd3 39. Rxf5 exd5 40. b3 Ke6 41. Rf6+ Ke7 42. a4 Ne1 43. Rf2 Rg6 44. Re2+ Re6 45. Rxe6+ Kxe6 46. Kg3 Kf5 47. b4 Ke4 48. Bxb6 Kd3 49. Bxa7 Kxc3 50. b5 Nd3 51. a5 Kb4 52. b6 Nc5 53. a6 Nxa6 54. b7 Kc4 55. b8Q Nxb8 56. Bxb8 d4 57. Kg4 1-0

[Event "Basel Hilton op 12th"]
[Site "Basel"]
[Date "2010.01.04"]
[Round "6"]
[White "Schultz, Raphael"]
[Black "Stucki, Kaspar"]
[Result "1-0"]
[WhiteElo "2205"]
[BlackElo "2024"]
[PlyCount "71"]
[EventDate "2010.01.01"]
[EventType "swiss"]
[EventRounds "7"]
[EventCountry "SUI"]
[SourceTitle "CBM 134 Extra"]
[Source "ChessBase"]
[SourceDate "2010.03.03"]
[SourceVersion "1"]
[SourceVersionDate "2010.03.03"]
[SourceQuality "1"]

1. e4 e5 2. Nf3 Nc6 3. Bb5 a6 4. Ba4 Nf6 5. d3 b5 6. Bb3 Bc5 7. Bg5 h6 8. Bh4 g5 9. Bg3 d6 10. c3 Bg4 11. h3 Bh5 12. Nbd2 Qe7 13. Bc2 Bb6 14. a4 b4 15. a5 Nxa5 16. Ba4+ Kf8 17. cxb4 Nb7 18. 0-0 Kg7 19. Bc6 Ra7 20. Qc1 Nd8 21. d4 Nxc6 22. Qxc6 Nd7 23. dxe5 Nxe5 24. Qc3 f6 25. Nd4 Bxd4 26. Qxd4 c5 27. bxc5 dxc5 28. Qc3 Be2 29. Rfe1 Bb5 30. Nf3 Re8 31. Bxe5 fxe5 32. Rad1 Rd7 33. Rd5 Rxd5 34. exd5 Kf6 35. h4 gxh4 36. Rxe5 1-0

[Event "Basel Hilton op 12th"]
[Site "Basel"]
[Date "2010.01.03"]
[Round "5"]
[White "Seidler, Lukas"]
[Black "Schultz, Raphael"]
[Result "1-0"]
[WhiteElo "2049"]
[BlackElo "2205"]
[PlyCount "89"]
[EventDate "2010.01.01"]
[EventType "swiss"]
[EventRounds "7"]
[EventCountry "SUI"]
[SourceTitle "CBM 134 Extra"]
[Source "ChessBase"]
[SourceDate "2010.03.03"]
[SourceVersion "1"]
[SourceVersionDate "2010.03.03"]
[SourceQuality "1"]

1. e4 d5 2. exd5 Qxd5 3. Nc3 Qd6 4. Bc4 Nf6 5. d3 c6 6. Qf3 Nbd7 7. Bf4 e5 8. Bd2 Be7 9. h3 0-0 10. Nge2 Nc5 11. a3 Be6 12. Ng3 g6 13. b4 Ncd7 14. Bh6 Bxc4 15. Bxf8 Bxf8 16. dxc4 Qe6 17. 0-0 Qxc4 18. Rad1 a5 19. Nge4 axb4 20. axb4 Bxb4 21. Nxf6+ Nxf6 22. Qxf6 Bxc3 23. Rd3 Bd4 24. Rc1 c5 25. Qb6 Bxf2+ 26. Kh1 e4 27. Rd7 Re8 28. Rxb7 Bg3 29. Qc6 Qe6 30. Qb5 e3 31. Qe2 Qd5 32. Rcb1 Bf2 33. Ra7 Rf8 34. Rd1 Qh5 35. Qxh5 gxh5 36. Re7 Kg7 37. g4 hxg4 38. hxg4 Kf6 39. Re4 Rg8 40. Rd6+ Kg7 41. Kg2 h5 42. gxh5 f5 43. Rg6+ Kf7 44. Rxg8 fxe4 45. Rg4 1-0

[Event "Basel Hilton op 12th"]
[Site "Basel"]
[Date "2010.01.02"]
[Round "2"]
[White "Schultz, Raphael"]
[Black "Heimann, Andreas"]
[Result "0-1"]
[WhiteElo "2205"]
[BlackElo "2464"]
[PlyCount "74"]
[EventDate "2010.01.01"]
[EventType "swiss"]
[EventRounds "7"]
[EventCountry "SUI"]
[SourceTitle "CBM 134 Extra"]
[Source "ChessBase"]
[SourceDate "2010.03.03"]
[SourceVersion "1"]
[SourceVersionDate "2010.03.03"]
[SourceQuality "1"]

1. e4 e5 2. Nf3 Nc6 3. Bb5 a6 4. Ba4 Nf6 5. Qe2 b5 6. Bb3 Be7 7. c3 d6 8. d3 0-0 9. Nbd2 Na5 10. Bc2 c5 11. Nf1 Re8 12. Bg5 h6 13. Bh4 Nh5 14. Bxe7 Qxe7 15. g3 Nf6 16. Ne3 Be6 17. 0-0 d5 18. Nh4 Nc6 19. Nhf5 Qd7 20. Qf3 d4 21. Ng2 Bxf5 22. Qxf5 Qxf5 23. exf5 Ne7 24. cxd4 exd4 25. Nh4 Nc8 26. Rae1 Nd6 27. Bd1 Rac8 28. g4 Nd5 29. Ng2 c4 30. a3 Rxe1 31. Rxe1 cxd3 32. Bf3 d2 33. Rd1 Rc1 34. Kf1 d3 35. Ne3 Nxe3+ 36. fxe3 Nc4 37. Kf2 Rxd1 0-1

[Event "FRA-ch Accession"]
[Site "Belfort"]
[Date "2010.??.??"]
[Round "1"]
[White "Manoeuvre, Antoine"]
[Black "Schultz, Raphael"]
[Result "1-0"]
[WhiteElo "2271"]
[BlackElo "2173"]
[PlyCount "45"]
[EventDate "2010.08.09"]
[EventType "swiss"]
[EventRounds "11"]
[EventCountry "FRA"]
[SourceTitle "CBM 138 Extra"]
[Source "ChessBase"]
[SourceDate "2010.10.29"]
[SourceVersion "1"]
[SourceVersionDate "2010.10.29"]
[SourceQuality "1"]

1. d4 e6 2. c4 f5 3. g3 Nf6 4. Bg2 d5 5. Nc3 c6 6. Nh3 Bd6 7. 0-0 0-0 8. Qc2 Nh5 9. f3 dxc4 10. Bg5 Qc7 11. e4 e5 12. Qe2 f4 13. Qxc4+ Kh8 14. g4 Nf6 15. Rac1 Na6 16. Kh1 h6 17. Bxf4 exf4 18. e5 Qf7 19. Qxf7 Rxf7 20. exd6 Ne8 21. Ne4 g5 22. Rfe1 Nb4 23. Nexg5 1-0

[Event "FRA-chT1 0910"]
[Site "France"]
[Date "2009.12.12"]
[Round "6.5"]
[White "Vuitton, Gilles"]
[Black "Schultz, Raphael"]
[Result "1/2-1/2"]
[WhiteElo "2154"]
[BlackElo "2209"]
[PlyCount "113"]
[EventDate "2009.09.27"]
[EventType "team-tourn"]
[EventRounds "11"]
[EventCountry "FRA"]
[SourceTitle "EXT 2011"]
[Source "ChessBase"]
[SourceDate "2010.11.26"]
[SourceVersion "1"]
[SourceVersionDate "2010.11.26"]
[SourceQuality "1"]

1. Nf3 c5 2. c4 Nc6 3. e3 g6 4. d4 Bg7 5. d5 Ne5 6. Nxe5 Bxe5 7. Bd3 e6 8. e4 d6 9. dxe6 Bxe6 10. Nc3 Nf6 11. Bg5 h6 12. Bd2 Ng4 13. Qe2 Bd4 14. Nd1 Ne5 15. Bc3 Qh4 16. Bxd4 cxd4 17. g3 Qd8 18. f3 Rc8 19. b3 0-0 20. 0-0 Qa5 21. Nf2 a6 22. f4 Nc6 23. a3 Rfe8 24. b4 Qb6 25. Qc2 Qd8 26. Rac1 Rc7 27. Qd2 Bc8 28. b5 Nb8 29. h4 h5 30. f5 Nd7 31. fxg6 fxg6 32. Qh6 Ne5 33. Be2 Qe7 34. Qd2 d3 35. Nxd3 Nxc4 36. Qh6 Qxe4 37. Nf4 axb5 38. Bd3 Qd4+ 39. Kh2 Qg7 40. Qg5 Rc5 41. Qxg6 Qxg6 42. Bxg6 Ree5 43. Rfe1 Bg4 44. Nd3 Rxe1 45. Rxe1 Rc7 46. Re8+ Kg7 47. Nf4 Ne5 48. Be4 b6 49. Ne6+ Bxe6 50. Rxe6 Rd7 51. Bd5 Nc4 52. a4 Na3 53. Bc6 Rd8 54. axb5 d5 55. Be8 d4 56. Bxh5 Rd5 57. Be2 1/2-1/2

[Event "Cannes Martinez op"]
[Site "Cannes"]
[Date "1996.??.??"]
[Round "9"]
[White "Jurkovic, Hrvoje"]
[Black "Schultz, Raphael"]
[Result "1/2-1/2"]
[WhiteElo "2405"]
[BlackElo "2205"]
[PlyCount "121"]
[EventDate "1996.08.??"]
[EventType "swiss"]
[EventRounds "9"]
[EventCountry "FRA"]
[SourceTitle "EXT 1998"]
[Source "ChessBase"]
[SourceDate "1997.11.17"]
[SourceVersion "1"]
[SourceVersionDate "1997.11.17"]
[SourceQuality "1"]

1. e4 c5 2. Nc3 Nc6 3. g3 g6 4. Bg2 Bg7 5. d3 d6 6. Be3 e6 7. Qd2 Nd4 8. Nd1 Ne7 9. c3 Ndc6 10. Bh6 0-0 11. h4 f6 12. Bxg7 Kxg7 13. h5 Rh8 14. Ne3 e5 15. f4 Be6 16. Ne2 Qd7 17. g4 Bxg4 18. 0-0-0 Bxh5 19. Rdg1 Bxe2 20. Bh3 Qe8 21. Qxe2 Qf7 22. Qh2 exf4 23. Qxf4 Ne5 24. Bf1 g5 25. Kb1 Qg6 26. Qf2 c4 27. Nf5+ Nxf5 28. exf5 Qf7 29. d4 Qd5 30. Bg2 Nd3 31. Qe2 Qf7 32. Bf3 h6 33. Qh2 Rad8 34. Rg2 Qd7 35. Re2 Qxf5 36. Re7+ Kf8 37. Be4 Qf2 38. Rxb7 Qxh2 39. Rxh2 Nf4 40. Bc6 h5 41. Rh1 Kg8 42. Rxa7 Rh7 43. Rxh7 Kxh7 44. a4 Kh6 45. a5 g4 46. a6 g3 47. a7 Kg5 48. Re1 g2 49. Rg1 h4 50. Rxg2+ Nxg2 51. Bxg2 h3 52. a8Q Rxa8 53. Bxa8 Kf4 54. b4 cxb3 55. c4 Ke3 56. c5 d5 57. Bxd5 Kxd4 58. c6 Kxd5 59. c7 h2 60. Kb2 h1Q 61. c8Q 1/2-1/2

[Event "Cannes Martinez op"]
[Site "Cannes"]
[Date "1996.??.??"]
[Round "7"]
[White "Nataf, Igor Alexandre"]
[Black "Schultz, Raphael"]
[Result "1-0"]
[WhiteElo "2305"]
[BlackElo "2205"]
[PlyCount "63"]
[EventDate "1996.08.??"]
[EventType "swiss"]
[EventRounds "9"]
[EventCountry "FRA"]
[SourceTitle "EXT 1998"]
[Source "ChessBase"]
[SourceDate "1997.11.17"]
[SourceVersion "1"]
[SourceVersionDate "1997.11.17"]
[SourceQuality "1"]

1. d4 d5 2. Bg5 c6 3. e3 Qb6 4. b3 Bf5 5. Nf3 e6 6. Bd3 Bxd3 7. Qxd3 Nf6 8. 0-0 Ne4 9. Bh4 Nd7 10. c4 Qc7 11. Nc3 Ndf6 12. cxd5 exd5 13. Bxf6 Nxf6 14. e4 dxe4 15. Nxe4 Nd5 16. Nc3 Nxc3 17. Qxc3 Be7 18. d5 0-0 19. Rac1 Rac8 20. Qe3 Ba3 21. Rc4 Rfe8 22. Qxa7 Ra8 23. Qd4 Rad8 24. Qc3 Qe7 25. dxc6 bxc6 26. Rxc6 Qe2 27. Qc2 g6 28. Rc7 Rd6 29. h3 Rde6 30. Qc3 Qxa2 31. Ra7 Bb2 32. Qc7 1-0

[Event "Cannes Martinez op"]
[Site "Cannes"]
[Date "1996.??.??"]
[Round "6"]
[White "Schultz, Raphael"]
[Black "Daillet, Emmanuel"]
[Result "1/2-1/2"]
[WhiteElo "2205"]
[BlackElo "2285"]
[PlyCount "86"]
[EventDate "1996.08.??"]
[EventType "swiss"]
[EventRounds "9"]
[EventCountry "FRA"]
[SourceTitle "EXT 1998"]
[Source "ChessBase"]
[SourceDate "1997.11.17"]
[SourceVersion "1"]
[SourceVersionDate "1997.11.17"]
[SourceQuality "1"]

1. e4 Nc6 2. Nf3 e5 3. Bb5 a6 4. Ba4 Nf6 5. 0-0 Nxe4 6. d4 b5 7. Bb3 d5 8. dxe5 Be6 9. Be3 Be7 10. c3 0-0 11. Nbd2 Nc5 12. Bc2 Nd7 13. Bf4 Re8 14. Nb3 Nf8 15. h3 Nb8 16. a4 Ng6 17. Bxg6 hxg6 18. axb5 Nd7 19. Nfd4 axb5 20. Rxa8 Qxa8 21. Nxe6 fxe6 22. Qd3 Nf8 23. Ra1 Qb7 24. Be3 b4 25. Ra7 Qb8 26. Na5 bxc3 27. bxc3 Kf7 28. Nc6 Qc8 29. Qb5 Nd7 30. Qa5 Nb8 31. Nxb8 Qxb8 32. Rxc7 Rc8 33. Rxc8 Qxc8 34. Bd4 Qc4 35. Qa7 Qe2 36. Bc5 Qe1+ 37. Kh2 Qxe5+ 38. g3 Qf6 39. Kg2 e5 40. Bxe7 Qxe7 41. Qe3 g5 42. Qf3+ Ke6 43. c4 dxc4 1/2-1/2

[Event "FRA-chT"]
[Site "France"]
[Date "1996.??.??"]
[Round "?"]
[White "Zawadski, Stephane"]
[Black "Schultz, Raphael"]
[Result "0-1"]
[WhiteElo "2210"]
[BlackElo "2175"]
[PlyCount "83"]
[EventDate "1996.??.??"]
[EventType "team"]
[EventRounds "11"]
[EventCountry "FRA"]
[SourceTitle "CBM 055 Extra"]
[Source "ChessBase"]
[SourceDate "1997.01.01"]
[SourceVersion "1"]
[SourceVersionDate "1997.01.01"]
[SourceQuality "1"]

1. d4 d5 2. c4 Nc6 3. Nf3 Bg4 4. cxd5 Bxf3 5. exf3 Qxd5 6. Be3 e6 7. Nc3 Bb4 8. a3 Bxc3+ 9. bxc3 Nge7 10. Bd3 Qa5 11. Qb3 Nd5 12. Bd2 0-0 13. Qxb7 Qb6 14. Qxb6 axb6 15. 0-0 Na5 16. Rfb1 Rfd8 17. Be4 Nc4 18. Bg5 f6 19. Bxd5 exd5 20. Bf4 Rd7 21. Rb3 g5 22. Bg3 Re8 23. h4 h6 24. a4 Re2 25. hxg5 hxg5 26. f4 Rc2 27. fxg5 fxg5 28. Be5 Nd2 29. Rb5 Nc4 30. Rb3 Kf7 31. g3 Kg6 32. Re1 Nd2 33. Ra3 Nf3+ 34. Kf1 Nxe1 35. Kxe1 Rh7 36. Kf1 Rh2 37. Kg1 Rhxf2 38. Bxc7 Kf5 39. Ra1 Kg4 40. Re1 Rg2+ 41. Kh1 Rh2+ 42. Kg1 0-1